Manual para padres quisquillosos : (Registro nro. 22684)
[ vista simple ]
| 000 -LEADER | |
|---|---|
| fixed length control field | 00869nam a2200265 a 4500 |
| 001 - CONTROL NUMBER | |
| control field | 22684 |
| 005 - DATE AND TIME OF LATEST TRANSACTION | |
| control field | 20180713220623.0 |
| 008 - FIXED-LENGTH DATA ELEMENTS--GENERAL INFORMATION | |
| fixed length control field | 140415s2013 sp r 000 0 spa d |
| 020 ## - INTERNATIONAL STANDARD BOOK NUMBER | |
| International Standard Book Number | 978-84-344-0625-4 |
| 041 ## - LANGUAGE CODE | |
| Language code of text/sound track or separate title | spa |
| 082 0# - DEWEY DECIMAL CLASSIFICATION NUMBER | |
| Classification number | 155.646 |
| Item number | JEN |
| 100 1# - MAIN ENTRY--PERSONAL NAME | |
| Personal name | Jennings |
| Relator term | autor |
| 245 10 - TITLE STATEMENT | |
| Title | Manual para padres quisquillosos : |
| Remainder of title | la verdad tras los mitos, leyendas y advertencias que se pasan de padres a hijos / |
| Statement of responsibility, etc. | Ken Jennings. |
| 250 ## - EDITION STATEMENT | |
| Edition statement | 1a. edición |
| 264 #1 - PRODUCTION, PUBLICATION, DISTRIBUTION, MANUFACTURE, AND COPYRIGHT NOTICE | |
| Place of production, publication, distribution, manufacture | España : |
| Name of producer, publisher, distributor, manufacturer | Editorial Planeta, |
| Date of production, publication, distribution, manufacture, or copyright notice | 2013 |
| 300 ## - PHYSICAL DESCRIPTION | |
| Extent | 271 páginas ; |
| Dimensions | 24 cm. |
| 336 ## - CONTENT TYPE | |
| Content type term | texto |
| Source | rdacontent |
| 337 ## - MEDIA TYPE | |
| Media type term | sin mediación |
| Source | rdamedia |
| 338 ## - CARRIER TYPE | |
| Carrier type term | volumen |
| Source | rdacarrier |
| 650 #0 - SUBJECT ADDED ENTRY--TOPICAL TERM | |
| Topical term or geographic name entry element | Relaciones padres-hijos |
| 650 #0 - SUBJECT ADDED ENTRY--TOPICAL TERM | |
| Topical term or geographic name entry element | Educación para la vida familiar |
| 650 #0 - SUBJECT ADDED ENTRY--TOPICAL TERM | |
| Topical term or geographic name entry element | Psicología educativa |
| 700 1# - ADDED ENTRY--PERSONAL NAME | |
| Personal name | Estrella, Juanjo |
| 740 0# - ADDED ENTRY--UNCONTROLLED RELATED/ANALYTICAL TITLE | |
| Uncontrolled related/analytical title | Because I Said So! |
| Withdrawn status | Lost status | Source of classification or shelving scheme | Damaged status | Not for loan | Collection code | Home library | Current library | Shelving location | Date acquired | Source of acquisition | Inventory number | Total Checkouts | Total Renewals | Full call number | Barcode | Date last seen | Date last checked out | Price effective from | Koha item type |
|---|---|---|---|---|---|---|---|---|---|---|---|---|---|---|---|---|---|---|---|
| Dewey Decimal Classification | General | Biblioteca Karol Wojtyla | Biblioteca Karol Wojtyla | Sala general | 05/06/2015 | Compra | 151000000000000000064090 | 1 | 1 | 155.646 JEN 2013 | 93848 | 05/01/2026 | 26/04/2025 | 05/06/2015 | Libro |